| 000 | 00436nam a2200169Ia 4500 | ||
|---|---|---|---|
| 008 | 240830s2003 xx 000 0 und d | ||
| 041 | _aeng | ||
| 082 | _a618.2 DAW | ||
| 100 | _aDAWN C.S. | ||
| 245 | _aTEXT BOOK OF OBSTETRICS ANDNEONATOLOGY AND REPRODUCTIVE AND CHILD HEALTH EDUCATION | ||
| 250 | _a6 | ||
| 260 |
_aKOLKATA _bDAWN BOOKS _c2003 |
||
| 300 | _a436p | ||
| 650 | _aSTRI-ROG | ||
| 906 | _aN.D. | ||
| 999 |
_c1185273 _d1185273 |
||